[Event "CZE-chT2E 2223"]
[Site "Czech Republic"]
[Date "2023.02.19"]
[Round "9.6"]
[White "Kubicek, Pavel"]
[Black "Dvoracek, Jan Matyas"]
[Result "1-0"]
[WhiteElo "1875"]
[BlackElo "1911"]
[PlyCount "101"]
[EventDate "2022.10.16"]
[EventType "team-tourn"]
[EventRounds "11"]
[EventCountry "CZE"]
[SourceTitle "EXT 2024"]
[Source "ChessBase"]
[SourceDate "2023.10.10"]
[SourceVersion "1"]
[SourceVersionDate "2023.10.10"]
[SourceQuality "1"]
[WhiteTeam "Orechov Orel"]
[BlackTeam "Brno Lokomotiva"]
[WhiteTeamCountry "CZE"]
[BlackTeamCountry "CZE"]

1. e4 d6 2. d4 Nf6 3. f3 g6 4. Be3 a6 5. c4 Bg7 6. Nc3 c6 7. Rc1 b5 8. a3 0-0 9. Bd3 Nfd7 10. Nge2 Nb6 11. cxb5 axb5 12. 0-0 Be6 13. d5 cxd5 14. Bxb5 dxe4 15. fxe4 Nc4 16. Bxc4 Bxc4 17. Qd2 Nd7 18. Bd4 Ne5 19. Nd5 Bxe2 20. Qxe2 Nf3+ 21. Rxf3 Bxd4+ 22. Kh1 e6 23. Nb4 Rc8 24. Rff1 Qg5 25. Rcd1 Be5 26. Nd3 Bg7 27. Qd2 Qxd2 28. Rxd2 Rc4 29. Re2 Rfc8 30. g3 Rd4 31. Nb4 Rcc4 32. Rfe1 Bh6 33. Nc2 Rd2 34. Nb4 Rc1 35. Rxc1 Rxe2 36. Rc2 Rxc2 37. Nxc2 Bc1 38. b4 Kf8 39. Kg2 f5 40. exf5 gxf5 41. a4 Ke7 42. Kf2 e5 43. Ke2 d5 44. a5 Kd6 45. b5 Bg5 46. a6 Kc7 47. Nb4 d4 48. Nd5+ Kb8 49. b6 Bd8 50. a7+ Kb7 51. Nc7 1-0

[Event "CZE-chT2E 2223"]
[Site "Czech Republic"]
[Date "2023.02.05"]
[Round "8.7"]
[White "Kubicek, Pavel"]
[Black "Navratilik, Pavel"]
[Result "1/2-1/2"]
[WhiteElo "1875"]
[BlackElo "2028"]
[PlyCount "45"]
[EventDate "2022.10.16"]
[EventType "team-tourn"]
[EventRounds "11"]
[EventCountry "CZE"]
[SourceTitle "EXT 2024"]
[Source "ChessBase"]
[SourceDate "2023.10.10"]
[SourceVersion "1"]
[SourceVersionDate "2023.10.10"]
[SourceQuality "1"]
[WhiteTeam "Orechov Orel"]
[BlackTeam "Kromeriz Slavia II"]
[WhiteTeamCountry "CZE"]
[BlackTeamCountry "CZE"]

1. e4 c5 2. Nf3 d6 3. d4 cxd4 4. Nxd4 Nf6 5. Nc3 a6 6. Be2 e5 7. Nf3 Be7 8. 0-0 0-0 9. h3 b5 10. Bg5 Nbd7 11. Nd5 Nxd5 12. Qxd5 Nb6 13. Bxe7 Qxe7 14. Qc6 Rb8 15. Rfd1 Rd8 16. Qc3 Bb7 17. Qe3 Qc7 18. Rd2 Na4 19. c3 Qc6 20. Rad1 Qxe4 21. Qxe4 Bxe4 22. Rxd6 Rxd6 23. Rxd6 1/2-1/2

[Event "CZE-chT2E 2223"]
[Site "Czech Republic"]
[Date "2023.01.22"]
[Round "7.5"]
[White "Fojtik, Tomas"]
[Black "Kubicek, Pavel"]
[Result "1/2-1/2"]
[WhiteElo "2053"]
[BlackElo "1875"]
[PlyCount "37"]
[EventDate "2022.10.16"]
[EventType "team-tourn"]
[EventRounds "11"]
[EventCountry "CZE"]
[SourceTitle "EXT 2024"]
[Source "ChessBase"]
[SourceDate "2023.10.10"]
[SourceVersion "1"]
[SourceVersionDate "2023.10.10"]
[SourceQuality "1"]
[WhiteTeam "Znojmo"]
[BlackTeam "Orechov Orel"]
[WhiteTeamCountry "CZE"]
[BlackTeamCountry "CZE"]

1. c4 e6 2. Nf3 d5 3. d4 Be7 4. g3 Nf6 5. Bg2 0-0 6. 0-0 Nbd7 7. Nbd2 b6 8. b3 Bb7 9. Bb2 c5 10. Rc1 Ne4 11. Nxe4 dxe4 12. Nd2 f5 13. dxc5 Bxc5 14. e3 Qc7 15. Rc2 Rad8 16. Qa1 Nf6 17. a3 Ng4 18. Re1 Rd3 19. Nf1 1/2-1/2

[Event "CZE-chT2E 2223"]
[Site "Czech Republic"]
[Date "2022.12.18"]
[Round "5.7"]
[White "Mika, Tomas"]
[Black "Kubicek, Pavel"]
[Result "1-0"]
[WhiteElo "1823"]
[BlackElo "1875"]
[PlyCount "101"]
[EventDate "2022.10.16"]
[EventType "team-tourn"]
[EventRounds "11"]
[EventCountry "CZE"]
[SourceTitle "EXT 2024"]
[Source "ChessBase"]
[SourceDate "2023.10.10"]
[SourceVersion "1"]
[SourceVersionDate "2023.10.10"]
[SourceQuality "1"]
[WhiteTeam "Litovel Tatran"]
[BlackTeam "Orechov Orel"]
[WhiteTeamCountry "CZE"]
[BlackTeamCountry "CZE"]

1. e4 e6 2. Nc3 d5 3. exd5 exd5 4. d4 Nf6 5. Nf3 Bg4 6. h3 Bh5 7. Be2 Be7 8. 0-0 0-0 9. Re1 c6 10. Ne5 Bg6 11. Na4 Nbd7 12. Nxg6 hxg6 13. c4 dxc4 14. Nc3 b5 15. a4 a6 16. d5 Nxd5 17. Nxd5 cxd5 18. Qxd5 Nb6 19. Qxd8 Raxd8 20. axb5 Bb4 21. Rf1 axb5 22. Bf4 Nd5 23. Bg3 g5 24. Bf3 Nf4 25. Bc6 Rb8 26. Kh2 Rb6 27. Bd7 Be7 28. Ra5 b4 29. Rc1 Rd8 30. Bb5 c3 31. bxc3 bxc3 32. Bc4 Rc6 33. Rxc3 Bb4 34. Bxf7+ Kxf7 35. Ra7+ Rd7 36. Rxd7+ Ke6 37. Rxc6+ Kxd7 38. Rc4 Bd6 39. h4 Ne6 40. hxg5 Nxg5 41. Bxd6 Kxd6 42. f4 Nh7 43. Ra4 Ke6 44. Ra7 Kf6 45. g4 Nf8 46. Ra6+ Kf7 47. Kg3 Ne6 48. f5 Nf8 49. Kf4 Nh7 50. g5 Nf8 51. g6+ 1-0

[Event "Brno op"]
[Site "Brno"]
[Date "2022.11.18"]
[Round "8"]
[White "Kubicek, Pavel"]
[Black "Aird, Ian"]
[Result "1-0"]
[WhiteElo "1875"]
[BlackElo "1710"]
[PlyCount "75"]
[EventDate "2022.11.12"]
[EventType "swiss"]
[EventRounds "9"]
[EventCountry "CZE"]
[SourceTitle "CBM 211 Extra"]
[Source "ChessBase"]
[SourceDate "2023.01.31"]
[SourceVersion "1"]
[SourceVersionDate "2023.01.31"]
[SourceQuality "1"]

1. e4 d5 2. exd5 Qxd5 3. Nf3 Bg4 4. Be2 Nc6 5. Nc3 Qd7 6. 0-0 0-0-0 7. d3 e5 8. h3 Bxf3 9. Bxf3 Nd4 10. Bd5 Nf6 11. Bc4 h6 12. Re1 Bd6 13. Be3 Kb8 14. Ne4 Nf5 15. Nxd6 Nxe3 16. Rxe3 cxd6 17. b4 Rhe8 18. a4 Qc7 19. a5 d5 20. Bb3 d4 21. Rg3 g6 22. b5 Qe7 23. b6 a6 24. Rf3 Nd5 25. Bxd5 Rxd5 26. Qd2 h5 27. c4 dxc3 28. Qxc3 Rc8 29. Qb3 Rcc5 30. Ra4 Qd7 31. Rc4 Rxc4 32. Qxc4 f5 33. Rg3 Rd6 34. Qg8+ Qc8 35. Rxg6 Rxg6 36. Qxg6 Qc1+ 37. Kh2 Qf4+ 38. Qg3 1-0

[Event "Brno op"]
[Site "Brno"]
[Date "2022.11.14"]
[Round "3"]
[White "Kubicek, Pavel"]
[Black "Kellner, Rene"]
[Result "1-0"]
[WhiteElo "1875"]
[BlackElo "1538"]
[PlyCount "61"]
[EventDate "2022.11.12"]
[EventType "swiss"]
[EventRounds "9"]
[EventCountry "CZE"]
[SourceTitle "CBM 211 Extra"]
[Source "ChessBase"]
[SourceDate "2023.01.31"]
[SourceVersion "1"]
[SourceVersionDate "2023.01.31"]
[SourceQuality "1"]

1. Nf3 d5 2. g3 c6 3. Bg2 Nf6 4. d4 Bf5 5. 0-0 Nbd7 6. Nbd2 e6 7. c3 Be7 8. Re1 0-0 9. Nh4 Re8 10. Nxf5 exf5 11. Qc2 Ne4 12. Nf1 Bg5 13. f3 Nd6 14. b3 Bxc1 15. Qxc1 Nf8 16. Qc2 Ng6 17. e4 fxe4 18. fxe4 Nxe4 19. Bxe4 dxe4 20. Rxe4 Rxe4 21. Qxe4 Qe7 22. Re1 Re8 23. Nd2 f5 24. Qxe7 Rxe7 25. Kf2 Rxe1 26. Kxe1 Ne7 27. Nc4 Nd5 28. Kd2 g6 29. Na5 Nf6 30. Nxb7 Ne4+ 31. Ke3 1-0

[Event "CZE-chT2E 2122"]
[Site "Czech Republic"]
[Date "2022.03.20"]
[Round "10.7"]
[White "Bacak, Petr Jr"]
[Black "Kubicek, Pavel"]
[Result "1-0"]
[WhiteElo "1946"]
[BlackElo "1912"]
[PlyCount "75"]
[EventDate "2021.10.17"]
[EventType "team-tourn"]
[EventRounds "11"]
[EventCountry "CZE"]
[SourceTitle "EXT 2024"]
[Source "ChessBase"]
[SourceDate "2023.10.10"]
[SourceVersion "1"]
[SourceVersionDate "2023.10.10"]
[SourceQuality "1"]
[WhiteTeam "Kromeriz Slavia II"]
[BlackTeam "Orechov Orel"]
[WhiteTeamCountry "CZE"]
[BlackTeamCountry "CZE"]

1. e4 e6 2. d4 d5 3. Nd2 dxe4 4. Nxe4 Nd7 5. Nf3 Ngf6 6. Bd3 Nxe4 7. Bxe4 Nf6 8. Bg5 Be7 9. Bxf6 Bxf6 10. Qd3 c6 11. 0-0 h6 12. c3 0-0 13. Rad1 Qa5 14. b4 Qc7 15. Qe2 a5 16. a3 axb4 17. axb4 b6 18. Rfe1 Bb7 19. Ne5 Bxe5 20. dxe5 Rfd8 21. f4 c5 22. Bxb7 Qxb7 23. bxc5 bxc5 24. Qc4 Qb2 25. Qxc5 Rxd1 26. Rxd1 Ra2 27. Qc6 Qf2+ 28. Kh1 Re2 29. h3 Qxf4 30. c4 Rc2 31. c5 g5 32. Qd6 g4 33. Qd8+ Kg7 34. hxg4 Qxe5 35. Rf1 Rxc5 36. Qd7 Kg6 37. Qxf7+ Kg5 38. Qh5# 1-0

[Event "CZE-chT2E 2122"]
[Site "Czech Republic"]
[Date "2021.12.05"]
[Round "4.8"]
[White "Zamecnik, Ondrej"]
[Black "Kubicek, Pavel"]
[Result "0-1"]
[WhiteElo "1602"]
[BlackElo "1912"]
[PlyCount "50"]
[EventDate "2021.10.17"]
[EventType "team-tourn"]
[EventRounds "11"]
[EventCountry "CZE"]
[SourceTitle "EXT 2024"]
[Source "ChessBase"]
[SourceDate "2023.10.10"]
[SourceVersion "1"]
[SourceVersionDate "2023.10.10"]
[SourceQuality "1"]
[WhiteTeam "Brno Lokomotiva"]
[BlackTeam "Orechov Orel"]
[WhiteTeamCountry "CZE"]
[BlackTeamCountry "CZE"]

1. e4 e6 2. d4 d5 3. exd5 exd5 4. Nf3 Bd6 5. Nc3 c6 6. Bd3 Bg4 7. h3 Bh5 8. Be2 Ne7 9. Bg5 f6 10. Be3 0-0 11. 0-0 Nd7 12. Nh4 Bf7 13. Bd3 Re8 14. Re1 Nf8 15. Qd2 Qd7 16. Nf3 Nfg6 17. Ne2 Nf5 18. Bf4 Rxe2 19. Rxe2 Nxf4 20. Ree1 g5 21. Nh2 Bg6 22. Ng4 Kg7 23. c3 Nh4 24. Bxg6 hxg6 25. Ne3 Nfxg2 0-1

[Event "Pardubice op rapid 32nd"]
[Site "Pardubice"]
[Date "2021.07.21"]
[Round "2"]
[White "Jirasek, Pavel"]
[Black "Kubicek, Pavel"]
[Result "1-0"]
[WhiteElo "2298"]
[BlackElo "1912"]
[PlyCount "72"]
[EventDate "2021.07.21"]
[EventType "swiss (rapid)"]
[EventRounds "9"]
[EventCountry "CZE"]
[SourceTitle "CBM 203 Extra"]
[Source "ChessBase"]
[SourceDate "2021.09.30"]
[SourceVersion "1"]
[SourceVersionDate "2021.09.30"]
[SourceQuality "1"]

1. c4 e6 2. Nf3 d5 3. g3 Nf6 4. Bg2 Be7 5. d4 0-0 6. 0-0 Nbd7 7. Qc2 dxc4 8. Nbd2 Rb8 9. Nxc4 b6 10. Nfe5 Bb7 11. Bxb7 Rxb7 12. Nc6 Qe8 13. b3 Nd5 14. e4 Nb4 15. Nxe7+ Qxe7 16. Qd2 c5 17. dxc5 bxc5 18. Bb2 Rd8 19. Rfd1 Rbb8 20. Na5 Nf6 21. Qf4 Rbc8 22. Bxf6 Qxf6 23. Qxf6 gxf6 24. a3 Nc2 25. Rxd8+ Rxd8 26. Ra2 Rd1+ 27. Kg2 Ne1+ 28. Kh3 Rd4 29. Nc6 Rxe4 30. Nxa7 c4 31. bxc4 Rxc4 32. a4 Nd3 33. a5 Nb4 34. Ra4 Rc7 35. Nb5 Rc2 36. Ra1 Rc4 1-0

[Event "CZE-chT2D 1819"]
[Site "Czech Republic"]
[Date "2019.01.27"]
[Round "7.5"]
[White "Kubicek, Pavel"]
[Black "Lorenc, Oldrich"]
[Result "0-1"]
[WhiteElo "1972"]
[BlackElo "2081"]
[PlyCount "86"]
[EventDate "2018.10.14"]
[EventType "team-tourn"]
[EventRounds "11"]
[EventCountry "CZE"]
[SourceTitle "EXT 2022"]
[Source "ChessBase"]
[SourceDate "2021.10.06"]
[SourceVersion "1"]
[SourceVersionDate "2021.10.06"]
[SourceQuality "1"]
[WhiteTeam "Orechov"]
[BlackTeam "Policka Stefanydes"]
[WhiteTeamCountry "CZE"]
[BlackTeamCountry "CZE"]

1. e4 c5 2. Nf3 g6 3. Bc4 Bg7 4. c3 e6 5. 0-0 Ne7 6. d4 cxd4 7. cxd4 d5 8. exd5 Nxd5 9. Nc3 0-0 10. Bg5 Nxc3 11. bxc3 Qc7 12. Qd3 Nc6 13. a4 e5 14. d5 Na5 15. Ba2 Bf5 16. Qb5 b6 17. Rac1 Nb7 18. Rfe1 Nc5 19. Re3 Bd7 20. Qb4 e4 21. Ne1 Bxa4 22. f3 h6 23. Bh4 Be5 24. Rxe4 Bxh2+ 25. Kf2 Nxe4+ 26. Qxe4 Qc5+ 27. Kf1 Rae8 28. Bf2 Rxe4 29. Bxc5 Rxe1+ 30. Rxe1 bxc5 31. Re4 Bc2 32. Re7 Bb8 33. Ke2 Ba4 34. Kd3 Bb5+ 35. Kc2 c4 36. Kb2 a6 37. Rb7 Bd6 38. Bb1 Rb8 39. Ra7 Bc6+ 40. Ka2 Bxd5 41. Rd7 Rb6 42. Bc2 Be6 43. Rd8+ Kg7 0-1

[Event "CZE-chT2D 1819"]
[Site "Czech Republic"]
[Date "2018.11.18"]
[Round "3.6"]
[White "Kubicek, Pavel"]
[Black "Malivanek, Jiri"]
[Result "1/2-1/2"]
[WhiteElo "1972"]
[BlackElo "2045"]
[PlyCount "101"]
[EventDate "2018.10.14"]
[EventType "team-tourn"]
[EventRounds "11"]
[EventCountry "CZE"]
[SourceTitle "EXT 2022"]
[Source "ChessBase"]
[SourceDate "2021.10.06"]
[SourceVersion "1"]
[SourceVersionDate "2021.10.06"]
[SourceQuality "1"]
[WhiteTeam "Orechov"]
[BlackTeam "Chrudim"]
[WhiteTeamCountry "CZE"]
[BlackTeamCountry "CZE"]

1. e4 e6 2. d4 d5 3. e5 c5 4. c3 Bd7 5. Nf3 Nc6 6. Be2 Nge7 7. 0-0 Nf5 8. g4 Nh4 9. Nxh4 Qxh4 10. f4 f6 11. Be3 Be7 12. Nd2 cxd4 13. cxd4 g5 14. Nf3 Qxg4+ 15. Kh1 gxf4 16. Rg1 Qf5 17. Bd3 Qh5 18. Bxf4 f5 19. Be2 0-0-0 20. Ng5 Qh4 21. Qd2 Rdf8 22. Rg3 Rhg8 23. Rag1 Bxg5 24. Rxg5 Rxg5 25. Rxg5 Be8 26. b4 h6 27. Rg7 Rf7 28. Rg8 Kd7 29. b5 Ne7 30. Rg1 Nc8 31. Rc1 Qd8 32. Bxh6 Rh7 33. Bg5 Qb6 34. Qc3 Ne7 35. a4 Bg6 36. a5 Qd8 37. Qc5 f4 38. Qd6+ Ke8 39. Qxe6 Be4+ 40. Kg1 f3 41. Bf1 Rg7 42. h4 Rg6 43. Qg4 Qxa5 44. Rc8+ Nxc8 45. Qxc8+ Kf7 46. Qd7+ Kg8 47. Qe8+ Kh7 48. Qf7+ Rg7 49. Qh5+ Kg8 50. e6 Qe1 51. Qe8+ 1/2-1/2

[Event "CZE-chT2E 1516"]
[Site "Czech Republic"]
[Date "2016.04.17"]
[Round "11.7"]
[White "Skorepa, Tomas"]
[Black "Kubicek, Pavel"]
[Result "1-0"]
[WhiteElo "2015"]
[BlackElo "2009"]
[PlyCount "81"]
[EventDate "2015.10.18"]
[EventType "team-tourn"]
[EventRounds "11"]
[EventCountry "CZE"]
[SourceTitle "EXT 2022"]
[Source "ChessBase"]
[SourceDate "2021.10.06"]
[SourceVersion "1"]
[SourceVersionDate "2021.10.06"]
[SourceQuality "1"]
[WhiteTeam "Jihlava Silko Gambit"]
[BlackTeam "Orechov"]
[WhiteTeamCountry "CZE"]
[BlackTeamCountry "CZE"]

1. e4 e6 2. d4 d5 3. Nd2 c5 4. exd5 Qxd5 5. Ngf3 cxd4 6. Bc4 Qc5 7. 0-0 Nc6 8. Qe2 Nf6 9. Nb3 Qb6 10. Bg5 Be7 11. Rad1 h6 12. Bh4 0-0 13. Nfxd4 Nxd4 14. Rxd4 Qc7 15. Bg3 Qb6 16. Rfd1 Rd8 17. Rxd8+ Bxd8 18. Rd6 Qc7 19. Rxe6 Bxe6 20. Bxc7 Bxc4 21. Qxc4 Rc8 22. Qb5 Rxc7 23. c3 Re7 24. f3 Bb6+ 25. Kf1 Rd7 26. Ke2 Rd5 27. Qc4 Re5+ 28. Kd2 Be3+ 29. Kd3 b5 30. Qc8+ Kh7 31. Nd4 Bg1 32. h3 Nd5 33. Ne2 Bb6 34. b3 Ne3 35. g3 Rd5+ 36. Nd4 Nd1 37. f4 Rc5 38. Qd7 Nxc3 39. Qxf7 b4 40. Ne6 Rd5+ 41. Kc4 1-0

[Event "CZE-chT2E 1516"]
[Site "Czech Republic"]
[Date "2015.11.22"]
[Round "3.6"]
[White "Mudra, Tomas"]
[Black "Kubicek, Pavel"]
[Result "1-0"]
[WhiteElo "2131"]
[BlackElo "2009"]
[PlyCount "127"]
[EventDate "2015.10.18"]
[EventType "team-tourn"]
[EventRounds "11"]
[EventCountry "CZE"]
[SourceTitle "EXT 2022"]
[Source "ChessBase"]
[SourceDate "2021.10.06"]
[SourceVersion "1"]
[SourceVersionDate "2021.10.06"]
[SourceQuality "1"]
[WhiteTeam "Brno Duras II"]
[BlackTeam "Orechov"]
[WhiteTeamCountry "CZE"]
[BlackTeamCountry "CZE"]

1. c4 e6 2. Nf3 f5 3. g3 Nf6 4. Bg2 Be7 5. 0-0 c5 6. d4 d5 7. cxd5 Nxd5 8. Nc3 Nxc3 9. bxc3 0-0 10. Ne5 Nd7 11. Nd3 c4 12. Nf4 Nf6 13. Rb1 Rb8 14. Qa4 g5 15. Nh3 Nd5 16. Qxc4 h6 17. e4 b5 18. Qb3 fxe4 19. Bxe4 b4 20. Bd2 Ba6 21. Bxd5 exd5 22. Rfe1 Bc4 23. Qc2 Kg7 24. Re6 Rf6 25. Rbe1 Rb7 26. cxb4 Qf8 27. f4 Bxb4 28. Rxf6 Qxf6 29. fxg5 Qxd4+ 30. Be3 Qc3 31. gxh6+ Kh8 32. Qxc3+ Bxc3 33. Rd1 Kh7 34. Nf4 Bxa2 35. Nxd5 Bb2 36. g4 a5 37. g5 Kg6 38. Nb6 Be5 39. Nd7 Bc3 40. Nf8+ Kf7 41. Rf1+ Kg8 42. g6 Rb1 43. Bc1 Bd4+ 44. Kg2 Bd5+ 45. Kh3 Rb3+ 46. Kh4 Rf3 47. Rxf3 Bxf3 48. Ne6 Bf6+ 49. Bg5 Bc3 50. Be7 Bd5 51. Nf4 Bb3 52. Kg5 a4 53. Ba3 Bc2 54. h4 Bb1 55. h5 Ba2 56. Kf5 Bb3 57. Ke4 Bd1 58. Kd5 Bb3+ 59. Kd6 Bd1 60. Ke7 Be5 61. Nd5 Bb3 62. Nf6+ Bxf6+ 63. Kxf6 Bd1 64. h7+ 1-0

[Event "CZE-chT2E 1415"]
[Site "Czech Republic"]
[Date "2015.02.22"]
[Round "8.6"]
[White "Benes, Miroslav"]
[Black "Kubicek, Pavel"]
[Result "1/2-1/2"]
[WhiteElo "1935"]
[BlackElo "1977"]
[PlyCount "62"]
[EventDate "2014.11.02"]
[EventType "team-tourn"]
[EventRounds "11"]
[EventCountry "CZE"]
[SourceTitle "EXT 2022"]
[Source "ChessBase"]
[SourceDate "2021.10.06"]
[SourceVersion "1"]
[SourceVersionDate "2021.10.06"]
[SourceQuality "1"]
[WhiteTeam "Zlin II"]
[BlackTeam "Orechov"]
[WhiteTeamCountry "CZE"]
[BlackTeamCountry "CZE"]

1. d4 e6 2. c4 d5 3. Nc3 Nf6 4. cxd5 exd5 5. Bg5 Be7 6. Qc2 0-0 7. e3 c6 8. Bd3 h6 9. Bh4 b6 10. Nge2 Na6 11. a3 Nc7 12. f3 Ne6 13. 0-0 Bb7 14. Rad1 Rc8 15. Bf5 Ne8 16. Bf2 Nd6 17. Bh3 Nc4 18. a4 Ba6 19. b3 Nd6 20. e4 Rc7 21. e5 Nb7 22. f4 Bb4 23. Be1 c5 24. Bxe6 fxe6 25. Rf3 cxd4 26. Nxd4 Qc8 27. Qg6 Bc5 28. Bf2 Bxd4 29. Bxd4 Nc5 30. Bxc5 Rxc5 31. Rg3 Rf7 1/2-1/2

[Event "CZE-chT2E 1415"]
[Site "Czech Republic"]
[Date "2015.01.25"]
[Round "6.6"]
[White "Horsak, Jan"]
[Black "Kubicek, Pavel"]
[Result "0-1"]
[WhiteElo "2049"]
[BlackElo "1977"]
[PlyCount "54"]
[EventDate "2014.11.02"]
[EventType "team-tourn"]
[EventRounds "11"]
[EventCountry "CZE"]
[SourceTitle "EXT 2022"]
[Source "ChessBase"]
[SourceDate "2021.10.06"]
[SourceVersion "1"]
[SourceVersionDate "2021.10.06"]
[SourceQuality "1"]
[WhiteTeam "Stare Mesto II"]
[BlackTeam "Orechov"]
[WhiteTeamCountry "CZE"]
[BlackTeamCountry "CZE"]

1. c4 Nf6 2. Nc3 d5 3. d4 c6 4. Nf3 dxc4 5. e4 b5 6. a3 Bb7 7. Be2 e6 8. 0-0 Be7 9. b3 cxb3 10. Qxb3 0-0 11. e5 Nd5 12. Ne4 Nd7 13. Bd3 a6 14. Bb1 Re8 15. Nfg5 Nf8 16. Qf3 f5 17. exf6 Bxf6 18. Qd3 e5 19. Nxh7 Nxh7 20. Nc5 e4 21. Nxe4 Nf8 22. Ra2 Bc8 23. Re2 Be6 24. Rfe1 Bf7 25. Qf3 Ne6 26. Qh3 Nxd4 27. Re3 Nxe3 0-1

[Event "CZE-chT2E 1415"]
[Site "Czech Republic"]
[Date "2014.12.14"]
[Round "4.6"]
[White "Urban, Vlastimil"]
[Black "Kubicek, Pavel"]
[Result "1/2-1/2"]
[WhiteElo "1967"]
[BlackElo "1977"]
[PlyCount "38"]
[EventDate "2014.11.02"]
[EventType "team-tourn"]
[EventRounds "11"]
[EventCountry "CZE"]
[SourceTitle "EXT 2022"]
[Source "ChessBase"]
[SourceDate "2021.10.06"]
[SourceVersion "1"]
[SourceVersionDate "2021.10.06"]
[SourceQuality "1"]
[WhiteTeam "Hustopece"]
[BlackTeam "Orechov"]
[WhiteTeamCountry "CZE"]
[BlackTeamCountry "CZE"]

1. d4 e6 2. Nf3 d5 3. c4 Nf6 4. Bg5 Be7 5. Nc3 c6 6. e3 Nbd7 7. Qc2 h6 8. Bh4 0-0 9. Be2 dxc4 10. Bxc4 b5 11. Bd3 Bb7 12. 0-0 b4 13. Ne4 Nxe4 14. Bxe7 Qxe7 15. Bxe4 Nf6 16. Bd3 Rfd8 17. Rac1 Nd7 18. Be2 a5 19. Rfd1 Rdc8 1/2-1/2

[Event "CZE-chT2E 1415"]
[Site "Czech Republic"]
[Date "2014.11.02"]
[Round "1.7"]
[White "Kubicek, Pavel"]
[Black "Chladek, Vlastimil"]
[Result "1/2-1/2"]
[WhiteElo "1977"]
[BlackElo "2058"]
[PlyCount "24"]
[EventDate "2014.11.02"]
[EventType "team-tourn"]
[EventRounds "11"]
[EventCountry "CZE"]
[SourceTitle "EXT 2022"]
[Source "ChessBase"]
[SourceDate "2021.10.06"]
[SourceVersion "1"]
[SourceVersionDate "2021.10.06"]
[SourceQuality "1"]
[WhiteTeam "Orechov"]
[BlackTeam "Lipovec Garde"]
[WhiteTeamCountry "CZE"]
[BlackTeamCountry "CZE"]

1. Nf3 c5 2. c3 d5 3. d4 e6 4. g3 Nf6 5. Bg2 Bd6 6. Bg5 h6 7. Bxf6 Qxf6 8. Nbd2 Nc6 9. dxc5 Bxc5 10. 0-0 0-0 11. e4 Bb6 12. Qb3 Rd8 1/2-1/2

[Event "Brno op 3rd"]
[Site "Brno"]
[Date "2012.11.13"]
[Round "4"]
[White "Kosina, Vladimir"]
[Black "Kubicek, Pavel"]
[Result "1/2-1/2"]
[WhiteElo "1807"]
[BlackElo "1971"]
[PlyCount "38"]
[EventDate "2012.11.10"]
[EventType "swiss"]
[EventRounds "9"]
[EventCountry "CZE"]
[SourceTitle "CBM 151 Extra"]
[Source "ChessBase"]
[SourceDate "2012.12.18"]
[SourceVersion "1"]
[SourceVersionDate "2012.12.18"]
[SourceQuality "1"]

1. Nf3 c5 2. c4 Nf6 3. Nc3 Nc6 4. d4 cxd4 5. Nxd4 g6 6. g3 Bg7 7. Bg2 0-0 8. 0-0 Qb6 9. Nc2 d6 10. Bd2 Rd8 11. Qc1 Bf5 12. e4 Be6 13. b3 Ng4 14. h3 Nge5 15. Be3 Qa5 16. Nd5 Bxd5 17. exd5 Nd3 18. Qd1 Nce5 19. Bd4 Qc7 1/2-1/2

[Event "Brno op 3rd"]
[Site "Brno"]
[Date "2012.11.12"]
[Round "3"]
[White "Kubicek, Pavel"]
[Black "Halldorsson, Jon Arni"]
[Result "0-1"]
[WhiteElo "1971"]
[BlackElo "2196"]
[PlyCount "62"]
[EventDate "2012.11.10"]
[EventType "swiss"]
[EventRounds "9"]
[EventCountry "CZE"]
[SourceTitle "CBM 151 Extra"]
[Source "ChessBase"]
[SourceDate "2012.12.18"]
[SourceVersion "1"]
[SourceVersionDate "2012.12.18"]
[SourceQuality "1"]

1. e4 e6 2. d4 d5 3. e5 c5 4. c3 Nc6 5. Nf3 Qb6 6. Be2 Nh6 7. b3 cxd4 8. 0-0 dxc3 9. Nxc3 Nf5 10. Na4 Qd8 11. Bd3 Be7 12. Bxf5 exf5 13. Bb2 Be6 14. Rc1 0-0 15. Nc5 Qb6 16. Nd3 Rfd8 17. Nf4 d4 18. Nd3 a5 19. Nd2 a4 20. Nc4 Qa7 21. f4 a3 22. Ba1 Rac8 23. Qh5 Nb4 24. Rf3 Nxd3 25. Rh3 h6 26. Rxd3 b5 27. Rg3 Kf8 28. Rd1 bxc4 29. bxc4 d3+ 30. Kh1 d2 31. Rg6 fxg6 0-1

[Event "Brno op 2nd"]
[Site "Brno"]
[Date "2011.11.17"]
[Round "8"]
[White "Medunova, Vera"]
[Black "Kubicek, Pavel"]
[Result "1/2-1/2"]
[WhiteElo "2088"]
[BlackElo "1972"]
[PlyCount "195"]
[EventDate "2011.11.12"]
[EventType "swiss"]
[EventRounds "9"]
[EventCountry "CZE"]
[SourceTitle "EXT 2012"]
[Source "ChessBase"]
[SourceDate "2011.11.24"]
[SourceVersion "1"]
[SourceVersionDate "2011.11.24"]
[SourceQuality "1"]

1. e4 e6 2. d4 d5 3. Nc3 Nf6 4. Bg5 Be7 5. Bxf6 Bxf6 6. Nf3 0-0 7. Bd3 c5 8. e5 Be7 9. dxc5 Nc6 10. 0-0 Bxc5 11. Na4 Be7 12. c4 Nb4 13. Nc3 Nxd3 14. Qxd3 dxc4 15. Qxc4 Qb6 16. Qb5 Qxb5 17. Nxb5 Bd7 18. Nbd4 Rfd8 19. Rac1 Rac8 20. h3 h6 21. Rfd1 Rxc1 22. Rxc1 Rc8 23. Rxc8+ Bxc8 24. Kf1 Kf8 25. Ke2 Bc5 26. Kd3 b6 27. Nd2 Ba6+ 28. Kc3 Bb7 29. f3 a5 30. a3 Ba6 31. b4 axb4+ 32. axb4 Be7 33. g3 Ke8 34. Nc4 Bxc4 35. Kxc4 Kd7 36. Kb5 f6 37. f4 fxe5 38. fxe5 Bd8 39. g4 Bc7 40. Nf3 g5 41. Kc4 Kc6 42. b5+ Kd7 43. Kd4 Bd8 44. Nd2 Ke8 45. Ke4 Kf7 46. Nb3 Be7 47. Kf3 Bb4 48. Ke4 Ke8 49. Nd4 Kd7 50. Nf3 Be7 51. Kd4 Bc5+ 52. Kc4 Be7 53. Nd2 Kd8 54. Ne4 Ke8 55. Kd4 Kf7 56. Kc4 Ke8 57. Nc3 Kd7 58. Na4 Kc7 59. Kd4 Bb4 60. Ke4 Bf8 61. Nb2 Bc5 62. Nc4 Be7 63. Nd2 Bb4 64. Nf3 Be7 65. Ne1 Bb4 66. Ng2 Be7 67. Kf3 Kd7 68. Kg3 Bb4 69. Ne3 Bd2 70. Nc4 Bf4+ 71. Kf3 Kc7 72. Ke4 Bc1 73. Nd6 Ba3 74. Ne8+ Kd8 75. Nf6 Bf8 76. Kd4 Bc5+ 77. Kc4 Be7 78. Nh5 Ke8 79. Ng3 Kd7 80. Ne4 Ke8 81. Nd2 Kd7 82. Kd3 Bc5 83. Nf3 Be7 84. Ke4 Ke8 85. Ne1 Kd7 86. Kf3 Ke8 87. Kg3 Kd7 88. Nf3 Ke8 89. h4 Kf7 90. hxg5 hxg5 91. Kf2 Ke8 92. Ke2 Kd7 93. Kd3 Kd8 94. Ke4 Ke8 95. Kd4 Bc5+ 96. Kc4 Be7 97. Nd2 Kd7 98. Ne4 1/2-1/2